Tiendas con estilo: shop design
| Main Author: | |
|---|---|
| Format: | Section = Libro |
| Language: | Undetermined Spanish |
| Published: |
Barcelona
MONSA
2003
|
| Subjects: |
| LEADER | 00523nam a2200193Ia 4500 | ||
|---|---|---|---|
| 008 | 240829s9999 xx 000 0 und d | ||
| 020 | |a 84-96096-62-9 | ||
| 040 | |a BIBLIOTECA-RUSB/ Ref 725.21 M915 | ||
| 041 | |a spa | ||
| 082 | |a Ref 725.21 M915 | ||
| 100 | 1 | |a Mostaedi, Arian | |
| 245 | 1 | 0 | |a Tiendas con estilo: shop design |
| 260 | |a Barcelona |b MONSA |c 2003 | ||
| 300 | |a 179 p. :il. | ||
| 650 | 7 | |a EDIFICIOS DE COMERCIO - TIENDAS | |
| 650 | 7 | |b DISEÑO ARQUITECTONICO - TIENDAS | |
| 942 | |c BK |2 ddc | ||
| 991 | |a TEXTO | ||
| 999 | |c 6520 | ||